Every Bryson Tiller Song on the Billboard Hot 100 - Statistics

General Stats
  • This quiz has been taken 76 times
    46 since last reset
  • The average score is 4 of 13
Answer Stats
# Year Song % Correct
13 2016 Don't
91%
26 2016 Exchange
83%
2 2017 Wild Thoughts (DJ Khaled) ft. Rihanna
51%
48 2020 Outta Time ft. Drake
43%
91 2017 Run Me Dry
34%
67 2016 Sorry Not Sorry
29%
76 2018 Could've Been (H.E.R.)
17%
74 2017 Somethin Tells Me
17%
83 2020 Always Forever
14%
84 2020 Years Go By
11%
89 2017 Don't Get Too High
9%
98 2017 No Longer Friends
9%
85 2017 Self-Made
6%
No matching quizzes found
Score Distribution
Percent of People with Each Score
Percentile by Number Answered
Your Score History
You have not taken this quiz since the last reset